Los pasos perdidos
Historia sobre un músico que se embarca en un viaje a una selva venezolana en búsqueda de instrumentos primitivos utilizados por otras culturas. Este relato presenta una connotación existencialista del viaje y la persecución de una razón de vida, así como el encuentro de sentimientos que invitan a l...
Guardado en:
| Autor principal: | |
|---|---|
| Formato: | Libro |
| Lenguaje: | Undetermined |
| Publicado: |
Barcelona, España
Barral Editores
1971
|
| Materias: | |
| Etiquetas: |
Agregar Etiqueta
Sin Etiquetas, Sea el primero en etiquetar este registro!
|
MARC
| LEADER | 00000nam a2200000Ia 4500 | ||
|---|---|---|---|
| 008 | 170316s9999 xx 000 0 und d | ||
| 040 | |a cru BVZT | ||
| 090 | |a 860 C-17p | ||
| 100 | |a Carpentier, Alejo |9 1357 | ||
| 245 | |a Los pasos perdidos | ||
| 260 | |a Barcelona, España | ||
| 260 | |b Barral Editores | ||
| 260 | |c 1971 | ||
| 300 | |a 276 páginas | ||
| 520 | |a Historia sobre un músico que se embarca en un viaje a una selva venezolana en búsqueda de instrumentos primitivos utilizados por otras culturas. Este relato presenta una connotación existencialista del viaje y la persecución de una razón de vida, así como el encuentro de sentimientos que invitan a la reflexión. | ||
| 650 | |a LITERATURA LATINOAMERICANA |9 15 | ||
| 999 | |c 8496 |d 8496 | ||
| 942 | |c 15 D |h 860 C-17p |2 z | ||
